| 000 | 00375nam a22001457a 4500 | ||
|---|---|---|---|
| 003 | OSt | ||
| 020 | _a155860622x | ||
| 040 | _c0 | ||
| 082 |
_222 _a005.72 |
||
| 100 | _aAbiteboul, Serge. | ||
| 245 |
_aData on the web : _bfrom relations to semi structured data and XML / |
||
| 260 |
_aNew, _bArtist Rights Society, _cc2000. |
||
| 300 |
_axiii, 258 p. ; _bill. ; |
||
| 942 |
_2ddc _cIT |
||
| 999 |
_c4546 _d4546 |
||